000 00896nam a2200229Ii 4500
003 JO-AjNU
008 230605s9999||||xx |||||||||||||| ||und||
017 _a2006/4366
020 _a977-342-364-6
040 _aJO-AjNU
_bara
_erda
_cJO-AjNU
041 _aara
050 1 4 _aHG3368.A6 D38 2006
100 3 _aتأليف: دوابه، اشرف محمد,
_eauthor
_930702
245 0 0 _aدور الاسواق المالية في تدعيم الاستثمار طويل الاجل في المصارف الاسلامية
250 _aط1
264 3 1 _aالقاهرة: دار السلام للطباعة والنشر والتوزيع، 2006
300 _a340ص
336 _atext
_btxt
_2rdacontent
337 _aunmediated
_bn
_2rdamedia
338 _avolume
_bnc
_2rdacarrier
650 4 _aالبنوك الاسلامية - الاستثمار المصرفي - جوانب اقتصادية
_930703
999 _aA12202
_c15770
_d15770